Cities With Most Millionaires - Statistics

General Stats
  • This quiz has been taken 1,340 times
  • The average score is 15 of 20
Answer Stats
# City % Correct
389,000 New York City
99%
281,000 London
96%
219,000 Paris
95%
126,000 Los Angeles
94%
461,000 Tokyo
93%
213,000 Beijing
89%
101,000 Moscow
86%
166,000 Shanghai
85%
127,000 Rome
78%
107,000 Chicago
77%
187,000 Hong Kong
77%
104,000 Sydney
72%
131,000 Seoul
69%
157,000 Singapore
69%
118,000 Toronto
63%
190,000 Osaka
55%
103,000 Houston
54%
102,000 Mexico City
54%
130,000 Munich
53%
217,000 Frankfurt
49%
No matching quizzes found
Score Distribution
Percent of People with Each Score
Percentile by Number Answered
Your Score History
You have not taken this quiz